Statistics for John Denver Hits

Click here to take the quiz!

General Stats

  • This quiz has been taken 137 times
  • The average score is 5 of 30

Answer Stats

Highest chart pos Answer % Correct
2Take Me Home, Country Roads
92%
9Rocky Mountain High
82%
1Annie's Song
67%
1Thank God I'm A Country Boy
53%
1Sunshine On My Shoulders
42%
5Back Home Again
29%
1I'm Sorry
23%
36Some Days Are Diamonds
15%
13Fly Away
15%
13Sweet Surrender
14%
31Shanghai Breezes
10%
52My Sweet Lady
9%
29Looking For Space
7%
62I'd Rather Be A Cowboy
6%
36Like A Sad Song
5%
52Autograph
5%
89Farewell Andromeda
5%
78Seasons Of The Heart
4%
44How Can I Leave You Again
4%
88Goodbye Again
4%
97Dancing With The Mountains
3%
55I Want To Live
3%
58Christmas For Cowboys
2%
69Please Daddy
2%
47Friends With You
1%
81Everyday
1%
66The Cowboy And The Lady
1%
60It Makes Me Giggle
1%
59It Amazes Me
1%
65Baby You Look Good To Me Tonight
1%

Score Distribution

Percentile by Number Answered

Percent of People with Each Score

Your Score History

You have not taken this quiz